Principles of CMOS VLSI design (Record no. 2744)

000 -LEADER
fixed length control field 00701nam a2200229 a 4500
001 - CONTROL NUMBER
control field 2744
003 - CONTROL NUMBER IDENTIFIER
control field BD-DhUET
008 - FIXED-LENGTH DATA ELEMENTS--GENERAL INFORMATION
fixed length control field 920421s1993 mauaf b 001 0 eng
020 ## - INTERNATIONAL STANDARD BOOK NUMBER
International Standard Book Number 0201533766
040 ## - CATALOGING SOURCE
Original cataloging agency DLC
Transcribing agency DLC
Modifying agency BD-DhUET
082 00 - DEWEY DECIMAL CLASSIFICATION NUMBER
Classification number 623.8173
Item number WES/1992
100 1# - MAIN ENTRY--PERSONAL NAME
Personal name Weste, Neil H. E.
245 10 - TITLE STATEMENT
Title Principles of CMOS VLSI design
Remainder of title a systems perspective
Statement of responsibility, etc. by Neil H.E. Weste and Kamran Eshraghian
250 ## - EDITION STATEMENT
Edition statement 2nd ed.
260 ## - PUBLICATION, DISTRIBUTION, ETC. (IMPRINT)
Place of publication, distribution, etc. New York
Name of publisher, distributor, etc. Addison-Wesley Publishing
Date of publication, distribution, etc. 1993
300 ## - PHYSICAL DESCRIPTION
Extent xxii, 713 p.
490 ## - SERIES STATEMENT
Series statement The VLSI system series
504 ## - BIBLIOGRAPHY, ETC. NOTE
Bibliography, etc Includes bibliographies
650 #0 - SUBJECT ADDED ENTRY--TOPICAL TERM
Topical term or geographic name as entry element Integrated circuits- VLSI-Design and construction
700 ## - ADDED ENTRY--PERSONAL NAME
Personal name Eshraghian, Kamran
942 ## - ADDED ENTRY ELEMENTS (KOHA)
Koha item type General Book
Holdings
Koha item type Shelving location Koha date last seen Sublocation or collection (holding branch) Koha issues (times borrowed) Date acquired Not for loan Source of classification or shelving scheme Copy number Koha full call number Price effective from Lost status Koha normalized classification for sorting Withdrawn status Koha date last borrowed Damaged status Piece designation (barcode) Location (home branch)
General BookCirculation section2014-09-30Central Library, BUET 2014-09-30  1623.8173/WES/19932014-09-30 623_817300000000000_WES_1993   107718Central Library, BUET
General BookCirculation section2015-01-10Central Library, BUET12014-09-30  2623.8173/WES/19932014-09-30 623_000000000000000_8173WES199 2014-12-13 107801Central Library, BUET
General BookCirculation section2014-10-29Central Library, BUET 2014-10-29  3623.8173/WES/19932014-10-29 623_000000000000000_8173WES199   91121Central Library, BUET
General BookCirculation section2014-10-29Central Library, BUET 2014-10-29  4623.8173/WES/19932014-10-29 623_817300000000000_WES_1993   91119Central Library, BUET
General BookCirculation section2014-11-01Central Library, BUET 2014-11-01  5623.8173/WES/19922014-11-01 623_000000000000000_8173WES199   91120Central Library, BUET
General BookCirculation section2018-08-27Central Library, BUET12014-11-01  6623.8173/WES/19922014-11-01 623_000000000000000_8173WES199 2018-08-14 91124Central Library, BUET
General BookCirculation section2017-01-01Central Library, BUET 2014-11-09  7623.8173/WES/19932014-11-09 623_000000000000000_8173WES199   91123Central Library, BUET
Reading ItemReading section2015-07-02Central Library, BUET 2015-07-02  8623.8173/WES/19932015-07-02 623_817300000000000_WES_1993   90588Central Library, BUET
General BookCirculation section2019-01-30Central Library, BUET 1997-04-28  9623.8173/WES/19932019-01-30 623_817300000000000_WES_1993   91122Central Library, BUET